000 00594nam a2200181Ia 4500
008 151202s9999||||xx |||||||||||||| ||und||
082 _bPNVM-32869
100 _aआपटे हरि नारायण.
245 _aकालकूट आवृत्ती 3 री.
260 _b---
260 _c0
300 _a0
600 _aआपटे हरि नारायण.
630 _aकालकूट आवृत्ती 3 री.
700 _aआपटे हरि नारायण.
730 _aकालकूट आवृत्ती 3 री.
942 _cBOOK
999 _c1298830
_d1298827